000
00334nam a2200133Ia 4500
008
240624s9999 xx 000 0 und d
041
_a
eng
082
_a
332.024 PFA
100
_a
PFAU WADE DONALD
245
_a
SAFETY FIRST RETIREMENT PLANNING AN INTE
260
_c
2019
_a
New Delhi
_b
Wade D Pfau
300
_a
368 p.
365
_c
RS
999
_c
31922
_d
31922